Sir, I do most earnestly desire you to assist me in removing the neglect of wearing the university habits at solemn meetings according to the statutes: ...

Bibliographic Details
Corporate Author: University of Oxford. Vice-chancellor (1677-1679 : Nicholas)
Other Authors: Nicholas, John, d. 1712
Format: eBook
Language:English
Published: [Oxford : publisher not identified, 1678]
Series:Early English books online.
Subjects:
Online Access:Connect to the full text of this electronic book

MARC

Tag First Indicator Second Indicator Subfields
LEADER 00000nam a2200000 4500
001 in00004317536
005 20200812075232.0
006 m g d
007 cr bn |||a|bb|
008 941216s1678 enk o 00| | eng d
035 |a (UnM)99826545 
037 |a CL0037000066  |b ProQuest Information and Learning. 300 N. Zeeb Rd., Ann Arbor, MI 48106 
040 |a Cu-RivES  |c Cu-RivES  |d CStRLIN  |e dcrb  |d WaOLN 
110 2 |a University of Oxford.  |b Vice-chancellor (1677-1679 : Nicholas) 
245 1 0 |a Sir, I do most earnestly desire you to assist me in removing the neglect of wearing the university habits at solemn meetings according to the statutes: ... 
260 |a [Oxford :  |b publisher not identified,  |c 1678] 
300 |a 1 online resource (1 sheet ([1] pages) 
336 |a text  |b txt  |2 rdacontent 
337 |a computer  |b c  |2 rdamedia 
338 |a online resource  |b cr  |2 rdacarrier 
500 |a Title from first lines of text. 
500 |a Signed at end: Joh. Nicholas Vice-Can. 
500 |a Imprint from Wing. 
500 |a The vice-chancellor's earnest appeal to Heads of Houses to co-operate with him in 'removing the neglect of wearing the university habits' at statutable times, especially at sermons and in the matter of wearing hoods by B.A.'s and M.A.'s at St. Mary's. 
500 |a Reproduction of the original in the Bodleian Library. 
510 4 |a Wing (2nd edition)  |c N1082A. 
510 3 |a Madan III, 3189. 
533 |a Electronic reproduction.  |b Ann Arbor, Mich. :  |d 1999-  |f (Early English books online)  |n Digital version of: (Early English books, 1641-1700 ; 1766:7)  |7 s1999 miun s 
610 2 0 |a University of Oxford  |x History  |v Early works to 1800. 
700 1 |a Nicholas, John,  |d d. 1712. 
830 0 |a Early English books online. 
856 4 0 |u http://proxy.library.tamu.edu/login?url=https://search.proquest.com/docview/2240892951  |z Connect to the full text of this electronic book  |t 0 
999 f f |s ef1cc384-c44c-3c20-8bfc-72b0beb96ac5  |i f3d72a52-9ec0-3c16-8da4-9b49be8c4a55  |t 0 
952 f f |a Texas A&M University  |b College Station  |c Electronic Resources  |d Available Online  |t 0  |h No information provided 
998 f f |t 0  |l Available Online